00712nam a2200229Ia 4500003000900000008004100009040001300050040001300063041000800076100001900084245007100103250001300174260001200187260000900199300001100208300001000219490002500229490000800254942000700262999001700269952019600286IT-RoPAU120407s9999 xx 000 0 und d aIT-RoPAU cIT-RoPAU aita aEdoardo Le Roy aScienza e filosofia, con un’appendice sulla nozione di verità. aLanciano aCarabba c1913 a125 p. c19 cm aCultura dell’anima v136 cBK c24930d24930 00102ddc406108_13600000000000071aPAULUSbPAULUSd2012-04-11l0o108.136r2012-04-11 00:00:00w2012-04-11yBKzInserito da: Jole In data: 30 luglio 2011 fondo: Via A.Severo 56 Progr:32353